000 00619cam a22002411 4500
001 sa 65004904
003 DLC
005 20260227112134.0
008 890802m19609999ii ac 000 0 telo
010 _asa 65004904
035 _a(OCoLC)20116581
040 _aDLC
_cWaU
_dDLC
042 _apremarc
043 _aa-ii---
050 0 0 _aML338
_b.S343
100 1 _aSatyanarayanamurthy, Aripirala.
245 1 0 _aSaṅgīta kaḷāpradarśini.
260 _b1960-
300 _av.
_billus., port.
_c23 cm.
500 _aIn Telugu.
650 0 _aMusic
_zIndia
_xHistory and criticism.
650 0 _aMusicians
_zIndia.
999 _c64005
_d64005